Presidents with Double Letter Surnames Quiz Stats

 Plays Quiz Updated Apr 17, 2016

Challenge
Share
Tweet
Embed
Score 0/9 Timer 01:30
1 Play Today
% Correct
Franklin D. Roosevelt
92.7%
Theodore Roosevelt
92.6%
John F. Kennedy
82.1%
Thomas Jefferson
78.8%
Herbert Hoover
75.2%
Calvin Coolidge
70.5%
William Henry Harrison
67.7%
Benjamin Harrison
67.7%
Millard Fillmore
49.9%

You're not logged in!

Compare scores with friends on all Sporcle quizzes.
Join for Free
OR
Log In

You Might Also Like...

Show Comments

Extras

Top Quizzes Today


Score Distribution

Your Account Isn't Verified!

In order to create a playlist on Sporcle, you need to verify the email address you used during registration. Go to your Sporcle Settings to finish the process.

Report this User

Report this user for behavior that violates our Community Guidelines.

Details: